000
00331nam a2200133 4500
008
191125s2018||||xo d
245
1
0
_a
Praktická prírucka izbových rastlín
250
_a
1.vydanie
260
_b
Item
_a
Bratislava
_c
2018
300
_a
224s.
020
_a
9788055168142
_c
16,06
041
1
_a
slo
044
_a
xo
_c
SK
999
_c
22822
_d
22822